Every Country to win an Olympic Medal: Gymnastics - Statistics

General Stats
  • This quiz has been taken 32 times
    12 since last reset
  • The average score is 52 of 76
Answer Stats
Sport # of Medals Country % Correct
Artistic Gymnastics 10 Brazil
100%
Trampoline 8 Canada
100%
Rhythmic Gymnastics 1 Canada
100%
Artistic Gymnastics 1 Canada
100%
Trampoline 3 Germany
100%
Rhythmic Gymnastics 1 Germany
100%
Artistic Gymnastics 38 Germany
100%
Trampoline 4 Russia
100%
Rhythmic Gymnastics 16 Russia
100%
Artistic Gymnastics 44 Russia
100%
Artistic Gymnastics 126 USA
100%
Trampoline 16 China
92%
Rhythmic Gymnastics 2 China
92%
Artistic Gymnastics 78 China
92%
Artistic Gymnastics 22 France
92%
Trampoline 3 Great Britain
92%
Artistic Gymnastics 18 Great Britain
92%
Rhythmic Gymnastics 5 Italy
92%
Artistic Gymnastics 32 Italy
92%
Artistic Gymnastics 107 Japan
92%
Rhythmic Gymnastics 2 Soviet Union
92%
Artistic Gymnastics 182 Soviet Union
92%
Rhythmic Gymnastics 3 Spain
92%
Artistic Gymnastics 5 Spain
92%
Artistic Gymnastics 1 Ireland
83%
Artistic Gymnastics 8 Sweden
83%
Trampoline 1 Australia
75%
Artistic Gymnastics 3 Belgium
75%
Rhythmic Gymnastics 6 Bulgaria
75%
Artistic Gymnastics 10 Bulgaria
75%
Artistic Gymnastics 25 Finland
75%
Artistic Gymnastics 3 Netherlands
75%
Artistic Gymnastics 4 Norway
75%
Rhythmic Gymnastics 1 Romania
75%
Artistic Gymnastics 72 Romania
75%
Artistic Gymnastics 11 South Korea
75%
Trampoline 2 Ukraine
75%
Rhythmic Gymnastics 5 Ukraine
75%
Artistic Gymnastics 13 Ukraine
75%
Artistic Gymnastics 1 Algeria
67%
Artistic Gymnastics 2 Austria
67%
Trampoline 2 Belarus
67%
Rhythmic Gymnastics 7 Belarus
67%
Artistic Gymnastics 4 Belarus
67%
Artistic Gymnastics 4 Denmark
67%
Artistic Gymnastics 36 East Germany
67%
Artistic Gymnastics 40 Hungary
67%
Rhythmic Gymnastics 2 Israel
67%
Artistic Gymnastics 2 Israel
67%
Artistic Gymnastics 2 Philippines
67%
Artistic Gymnastics 4 Poland
67%
Artistic Gymnastics 49 Switzerland
67%
Artistic Gymnastics 1 Turkey
67%
Artistic Gymnastics 2 Armenia
58%
Artistic Gymnastics 2 Croatia
58%
Rhythmic Gymnastics 1 Greece
58%
Artistic Gymnastics 12 Greece
58%
Artistic Gymnastics 1 Kazakhstan
58%
Artistic Gymnastics 2 Latvia
58%
Artistic Gymnastics 3 North Korea
58%
Artistic Gymnastics 1 Colombia
42%
Artistic Gymnastics 35 Czechoslovakia
42%
Trampoline 1 New Zealand
42%
Rhythmic Gymnastics 1 West Germany
42%
Artistic Gymnastics 1 West Germany
42%
Artistic Gymnastics 11 Yugoslavia
42%
Trampoline 1 Uzbekistan
33%
Artistic Gymnastics 1 Uzbekistan
33%
Artistic Gymnastics 2 Chinese Taipei
25%
Rhythmic Gymnastics 2 Unified Team
17%
Artistic Gymnastics 18 Unified Team
17%
Trampoline 2 Individual Neutral Athletes
8%
Artistic Gymnastics 1 Mixed Team
8%
Rhythmic Gymnastics 2 Russian Olympic Committee
8%
Artistic Gymnastics 8 Russian Olympic Committee
8%
Artistic Gymnastics 3 United Team of Germany
8%
No matching quizzes found
Score Distribution
Percent of People with Each Score
Percentile by Number Answered
Your Score History
You have not taken this quiz since the last reset